Astride the wheel, yantrarudha / (Record no. 27619)

MARC details
000 -LEADER
fixed length control field 02637nam a22004217a 4500
005 - DATE AND TIME OF LATEST TRANSACTION
control field 20090619104725.0
008 - FIXED-LENGTH DATA ELEMENTS--GENERAL INFORMATION
fixed length control field 030731s2003 ii 000 1 eng
010 ## - LCCN (DPL NO)
LC control number ENG-94112
020 ## - INTERNATIONAL STANDARD BOOK NUMBER
International Standard Book Number 9780198062219
Terms of availability 150.00
020 ## - INTERNATIONAL STANDARD BOOK NUMBER
International Standard Book Number 0198062214
Terms of availability 150.00
035 ## - SYSTEM CONTROL NUMBER
System control number EN-77645
035 ## - SYSTEM CONTROL NUMBER
System control number B-360771-777
037 ## - SOURCE OF ACQUISITION
Source of stock number/acquisition DBAD / PUB
037 ## - SOURCE OF ACQUISITION
Source of stock number/acquisition Uppal Book Store
040 ## - CATALOGING SOURCE
Original cataloging agency dpl
Language of cataloging English
082 ## - DEWEY DECIMAL CLASSIFICATION NUMBER
Classification number N
100 ## - MAIN ENTRY--PERSONAL NAME
Personal name Rath, Chandrasekhar
240 ## - UNIFORM TITLE
Uniform title <a href="Yantrārūḍha.">Yantrārūḍha.</a>
Language of a work English
245 ## - TITLE STATEMENT
Title Astride the wheel, yantrarudha /
Statement of responsibility, etc by Chandrasekhar Rath ; translated from Oriya by Jatindra Kumar Nayak.
246 ## - VARYING FORM OF TITLE
Title proper/short title Yantrarudha
260 ## - PUBLICATION, DISTRIBUTION, ETC. (IMPRINT)
Place of publication, distribution, etc New Delhi ;
Name of publisher, distributor, etc Oxford University Press
Date of publication, distribution, etc 2009
270 ## - ADDRESS
Address YMCA Library Building, Jai Singh Road,
City New Delhi
Postal code 110001
300 ## - PHYSICAL DESCRIPTION
Extent xxviii, 179 p.
Dimensions 22cm(pbk)
500 ## - GENERAL NOTE
General note Novel.
500 ## - GENERAL NOTE
General note Includes glossary
650 ## - SUBJECT ADDED ENTRY--TOPICAL TERM
Topical term or geographic name as entry element Oriya fiction
Form subdivision Translation into English
700 ## - ADDED ENTRY--PERSONAL NAME
Personal name Nayak, Jatindra Kumar
942 ## - ADDED ENTRY ELEMENTS (KOHA)
Source of classification or shelving scheme Dewey Decimal Classification
Item type English Books
Classification part N
Call number suffix RAT
Holdings
Withdrawn status Lost status Source of classification or shelving scheme Damaged status Not for loan Collection code Home library Current library Date acquired Source of acquisition Cost, normal purchase price Total Checkouts Full call number Barcode Date last seen Copy number Cost, replacement price Koha item type Checked out Public note
    Dewey Decimal Classification     Fiction Central Library Central Library 26/03/2010 Uppal Book Store/9013/26.10.09/128/16.10.09/26.10.09 150.00 1 N RAT B-360771 21/08/2018 1 150.00 English Books 04/09/2018  
    Dewey Decimal Classification   Not For Loan Fiction D.B.Act.Division D.B.Act.Division 19/06/2009 DBAD / PUB 150.00   N RAT EN-77645 19/06/2009 1 150.00 English Books    
    Dewey Decimal Classification     Fiction Janak Puri Janak Puri 26/03/2010 Uppal Book Store/9013/26.10.09/128/16.10.09/26.10.09 150.00 6 N RAT B-360773 29/11/2014 1 150.00 English Books    
Written off   Dewey Decimal Classification     Fiction Karol Bagh Karol Bagh 26/03/2010 Uppal Book Store/9013/26.10.09/128/16.10.09/26.10.09 150.00   N RAT B-360776 26/03/2010 1 150.00 English Books   Written off on approval by DLB (By Circulation); dtd 20.12.2022
    Dewey Decimal Classification     Fiction Patel Nagar Patel Nagar 26/03/2010 Uppal Book Store/9013/26.10.09/128/16.10.09/26.10.09 150.00   N RAT B-360772 26/03/2010 1 150.00 English Books    
    Dewey Decimal Classification     Fiction Sarojini Nagar Sarojini Nagar 26/03/2010 Uppal Book Store/9013/26.10.09/128/16.10.09/26.10.09 150.00   N RAT B-360774 26/03/2010 1 150.00 English Books    
    Dewey Decimal Classification     Fiction Shahdara Branch Shahdara Branch 26/03/2010 Uppal Book Store/9013/26.10.09/128/16.10.09/26.10.09 150.00   N RAT B-360777 26/03/2010 1 150.00 English Books    
    Dewey Decimal Classification     Fiction Shahdara Branch Shahdara Branch 27/07/2018 BPPD/PUB 245.00   N RAT B-106860 27/07/2018   245.00 English Books    
    Dewey Decimal Classification     Fiction Vinoba Puri Vinoba Puri 26/03/2010 Uppal Book Store/9013/26.10.09/128/16.10.09/26.10.09 150.00 5 N RAT B-360775 08/02/2017 1 150.00 English Books    

© Delhi Public Library
Hit Counter
free hit counter